| 000 | 00652cab a2200229 4500 | ||
|---|---|---|---|
| 001 | WB3418-45 | ||
| 008 | 090401t1998 xxu||||| |||| 00| 0 eng d | ||
| 035 | _a(Sirsi) u86201 | ||
| 041 | _aeng | ||
| 245 | _aGreen pound revaluation | ||
| 260 | _c1998 | ||
| 350 | _a0 | ||
| 490 |
_aFarmers' Weekly _v128(19) 8 May 1998, 21(1) |
||
| 520 | _aThe latest revaluation of the green pound has wiped an estimated £400m off farm incomes across the UK. Graph. | ||
| 650 | _aFARM INCOMES | ||
| 650 | _aFARMING INDUSTRY | ||
| 650 | _aGREEN POUND REVALUATION | ||
| 650 | _aGREEN POUND | ||
| 690 | _aRURAL PRACTICE | ||
| 942 | _n0 | ||
| 948 | _c14/05/1998 | ||
| 999 |
_c54223 _d54223 |
||